[Event "chess.com Junior Speed"]
[Site "chess.com INT"]
[Date "2019.07.09"]
[Round "2.11"]
[White "Firouzja, Alireza"]
[Black "Sevian, Samuel"]
[Result "0-1"]
[WhiteTitle "GM"]
[BlackTitle "GM"]
[WhiteElo "2682"]
[BlackElo "2666"]
[WhiteFideId "12573981"]
[BlackFideId "2040506"]
[EventDate "2019.05.16"]

1. d4 Nf6 2. c4 c5 3. Nf3 cxd4 4. Nxd4 e5 5. Nb5 d5 6. cxd5 Bc5 7. g3 O-O 8.
N5c3 e4 9. Bg2 Re8 10. O-O h6 11. Na3 Bg4 12. Nc4 Nbd7 13. h3 Bh5 14. Be3 Bb4
15. Rc1 Ne5 16. Nxe5 Rxe5 17. Bd4 Bxc3 18. Bxc3 Rxd5 19. Qb3 Rd6 20. Qxb7 Bxe2
21. Rfe1 Ba6 22. Bxf6 Bxb7 23. Bxd8 Raxd8 24. Bxe4 Bxe4 25. Rxe4 Rd2 26. Rc7
Rxb2 27. Ree7 Rf8 28. Rxa7 g5 29. a4 Kg7 30. g4 Kg6 31. Kg2 Ra2 32. Rec7 h5 33.
Rc6+ f6 34. Rcc7 hxg4 35. hxg4 Rg8 36. a5 Ra4 37. Kf3 Rf4+ 38. Kg3 Ra4 39. a6
Ra3+ 40. Kg2 Ra4 41. Kf3 Rf4+ 42. Kg3 Ra4 43. Rd7 Ra3+ 44. Kg2 Ra4 45. Kf3 Rf4+
46. Kg3 Ra4 47. Re7 Ra3+ 48. f3 Ra2 49. Red7 Ra3 50. Rdc7 Ra2 51. Re7 Ra4 52.
Kf2 Ra3 53. Red7 Ra2+ 54. Ke3 Ra3+ 55. Ke4 Ra4+ 56. Kd5 Ra3 57. Kc6 Rxf3 58.
Rab7 Rc3+ 59. Kb6 Rb3+ 60. Ka5 Ra3+ 61. Kb5 Rb3+ 62. Ka4 Rg3 63. Rb4 Rc8 64. a7
Rg1 0-1

[Event "chess.com Junior Speed"]
[Site "chess.com INT"]
[Date "2019.07.09"]
[Round "2.12"]
[White "Sevian, Samuel"]
[Black "Firouzja, Alireza"]
[Result "0-1"]
[WhiteTitle "GM"]
[BlackTitle "GM"]
[WhiteElo "2666"]
[BlackElo "2682"]
[WhiteFideId "2040506"]
[BlackFideId "12573981"]
[EventDate "2019.05.16"]

1. e4 e5 2. Nf3 Nc6 3. Bb5 Nf6 4. O-O Nxe4 5. d4 Nd6 6. Bxc6 dxc6 7. dxe5 Nf5 8.
Qxd8+ Kxd8 9. h3 Be7 10. Nc3 Nh4 11. Nxh4 Bxh4 12. f4 Bd7 13. f5 Re8 14. g4 Rxe5
15. Bf4 Re7 16. Rad1 Kc8 17. Rd3 b6 18. Rfd1 g6 19. Bh6 gxf5 20. g5 f4 21. Kg2
Bf5 22. Rd4 Bg3 23. R1d2 Kb7 24. Bg7 Rae8 25. Bf6 Re3 26. Rd8 Rxd8 27. Bxd8 Be1 0-1

[Event "chess.com Junior Speed"]
[Site "chess.com INT"]
[Date "2019.07.09"]
[Round "2.13"]
[White "Firouzja, Alireza"]
[Black "Sevian, Samuel"]
[Result "0-1"]
[WhiteTitle "GM"]
[BlackTitle "GM"]
[WhiteElo "2682"]
[BlackElo "2666"]
[WhiteFideId "12573981"]
[BlackFideId "2040506"]
[EventDate "2019.05.16"]

1. d4 Nf6 2. c4 c5 3. Nf3 cxd4 4. Nxd4 Nc6 5. Nc3 e6 6. a3 Bc5 7. Nb3 Be7 8. e4
b6 9. Be2 Bb7 10. O-O O-O 11. f3 Rc8 12. Bf4 d6 13. Kh1 a6 14. Rc1 Ne5 15. Nd2
Nfd7 16. Be3 g5 17. b4 Ng6 18. Re1 Nde5 19. Na4 Nd7 20. Bf1 h5 21. Qe2 Bc6 22.
Nc3 Nde5 23. Qf2 Rb8 24. Nb3 Ba8 25. Red1 Qe8 26. Bxb6 g4 27. Ba7 gxf3 28. gxf3
Rc8 29. c5 f5 30. cxd6 Bh4 31. Qd4 Rf7 32. Bb6 fxe4 33. fxe4 Bf2 34. Qxf2 Rxf2
35. Bxf2 Qf7 36. Bg3 h4 37. Bxe5 Nxe5 38. Nc5 Qf2 39. d7 Rd8 40. Be2 Nf3 41.
Rg1+ Nxg1 42. Rxg1+ Kh8 43. Rg4 Qe1+ 44. Kg2 Qxc3 45. Rxh4+ Kg8 46. Bg4 Qd2+ 47.
Kh3 Qe3+ 48. Kg2 Qg5 49. Kh3 Qe3+ 50. Kg2 Bxe4+ 0-1

[Event "chess.com Junior Speed"]
[Site "chess.com INT"]
[Date "2019.07.09"]
[Round "2.14"]
[White "Sevian, Samuel"]
[Black "Firouzja, Alireza"]
[Result "1-0"]
[WhiteTitle "GM"]
[BlackTitle "GM"]
[WhiteElo "2666"]
[BlackElo "2682"]
[WhiteFideId "2040506"]
[BlackFideId "12573981"]
[EventDate "2019.05.16"]

1. e4 e5 2. Nf3 Nc6 3. Bb5 Nf6 4. O-O Nxe4 5. d4 Nd6 6. Bxc6 dxc6 7. dxe5 Nf5 8.
Qxd8+ Kxd8 9. h3 Be7 10. Nc3 Nh4 11. Nxh4 Bxh4 12. f4 Bd7 13. Bd2 h5 14. Be1 Be7
15. Rd1 Kc8 16. f5 a5 17. Ne4 Re8 18. Bc3 a4 19. a3 c5 20. f6 gxf6 21. exf6 Bd8
22. Nxc5 Bc6 23. Nd3 Be4 24. Rde1 c6 25. Rf4 1-0

[Event "chess.com Junior Speed"]
[Site "chess.com INT"]
[Date "2019.07.09"]
[Round "2.15"]
[White "Firouzja, Alireza"]
[Black "Sevian, Samuel"]
[Result "1-0"]
[WhiteTitle "GM"]
[BlackTitle "GM"]
[WhiteElo "2682"]
[BlackElo "2666"]
[WhiteFideId "12573981"]
[BlackFideId "2040506"]
[EventDate "2019.05.16"]

1. e4 e5 2. Nf3 Nc6 3. Bb5 a6 4. Ba4 Nf6 5. O-O d6 6. c3 g6 7. Re1 Bg7 8. d4 Bd7
9. Nbd2 O-O 10. Nf1 Re8 11. Ng3 b5 12. Bb3 h6 13. h3 Rb8 14. a3 Qe7 15. Ba2 Qf8
16. Qc2 Kh7 17. Be3 Bc8 18. d5 Ne7 19. c4 bxc4 20. Bxc4 Bb7 21. b4 Rec8 22. Qd3
Ra8 23. Bb3 Nd7 24. Rac1 Kh8 25. Ba4 Nb6 26. Bc6 Bxc6 27. dxc6 Rcb8 28. Rc2 Qe8
29. Rec1 a5 30. b5 a4 31. h4 h5 32. Qe2 Ng8 33. Nd2 Nf6 34. Ngf1 Nc8 35. Bg5 Nh7
36. Ne3 f6 37. Nd5 Qf7 38. Be3 f5 39. f3 f4 40. Bf2 Nf6 41. b6 Nxd5 42. b7 Ndb6
43. bxa8=Q Rxa8 44. Rb2 d5 45. exd5 Nxd5 46. Ne4 Nce7 47. Rb7 Nf5 48. Qc4 Rd8
49. Rd1 Qg8 50. Ng5 Bf6 51. Ne4 Be7 52. Rb5 Nde3 53. Qxg8+ Rxg8 54. Rd7 Bxh4 55.
Bxh4 Nxh4 56. Nf6 1-0

[Event "chess.com Junior Speed"]
[Site "chess.com INT"]
[Date "2019.07.09"]
[Round "2.16"]
[White "Sevian, Samuel"]
[Black "Firouzja, Alireza"]
[Result "1/2-1/2"]
[WhiteTitle "GM"]
[BlackTitle "GM"]
[WhiteElo "2666"]
[BlackElo "2682"]
[WhiteFideId "2040506"]
[BlackFideId "12573981"]
[EventDate "2019.05.16"]

1. e4 c5 2. Nf3 d6 3. d4 cxd4 4. Nxd4 Nf6 5. Nc3 Nc6 6. Bg5 e6 7. Qd2 a6 8.
O-O-O Bd7 9. f4 b5 10. Bxf6 gxf6 11. Kb1 Qb6 12. Nxc6 Bxc6 13. f5 b4 14. Ne2 e5
15. Ng3 Qc5 16. Nh5 Be7 17. Bd3 O-O-O 18. Qh6 d5 19. exd5 Bxd5 20. Rhe1 Kb8 21.
Rd2 a5 22. g4 Rd6 23. Ng3 Rhd8 24. Qe3 Qc6 25. Rde2 R6d7 26. Ne4 a4 27. Rc1 a3
28. b3 Bxe4 29. Bxe4 Qc7 30. c3 Bc5 31. Qf3 Rd1 32. Rc2 Rxc1+ 33. Rxc1 Qb6 34.
Qe2 bxc3 35. Rxc3 Bb4 36. Rc1 Rc8 37. Rxc8+ Kxc8 38. Qc4+ Kd8 39. Qd5+ Ke7 40.
Qb7+ Qxb7 41. Bxb7 Kd6 42. Kc2 h6 43. Kd3 Kc5 44. Be4 Be1 45. h3 Bh4 46. Bb7 Be1
47. Ba6 Bf2 48. Bc4 Bh4 49. Bxf7 Bf2 50. Ke4 Bh4 51. Bc4 Bf2 52. Kd3 Bg3 53. Be6
Bh4 54. Kc3 Be1+ 55. Kd3 Bh4 56. Bg8 Bg3 57. Bf7 Bh4 58. Ke4 Bg3 59. Be8 Bh4 60.
Bg6 Kb4 61. Kd3 Bg3 62. Bf7 Bh4 63. Ke4 Kc5 64. Kd3 Kb4 65. Be6 1/2-1/2

[Event "chess.com Junior Speed"]
[Site "chess.com INT"]
[Date "2019.07.09"]
[Round "2.17"]
[White "Firouzja, Alireza"]
[Black "Sevian, Samuel"]
[Result "1-0"]
[WhiteTitle "GM"]
[BlackTitle "GM"]
[WhiteElo "2682"]
[BlackElo "2666"]
[WhiteFideId "12573981"]
[BlackFideId "2040506"]
[EventDate "2019.05.16"]

1. e4 e5 2. Nf3 Nc6 3. Bb5 a6 4. Ba4 g6 5. d4 exd4 6. Bg5 Be7 7. Bxe7 Ngxe7 8.
Nxd4 b5 9. Nxc6 dxc6 10. Bb3 Qxd1+ 11. Kxd1 c5 12. c4 Bb7 13. Nc3 O-O-O+ 14. Ke2
Nc6 15. Rhd1 Nd4+ 16. Kf1 f5 17. exf5 gxf5 18. f3 Rhe8 19. Re1 Bc6 20. Rad1 Kb7
21. Kf2 Kb6 22. Rxe8 Rxe8 23. Rd2 Ka5 24. Bc2 bxc4 25. Ne2 Nxc2 26. Rxc2 Kb4 27.
Rd2 Re6 28. Nc3 a5 29. Ne2 Rd6 30. Ke1 a4 31. a3+ Ka5 32. Nc3 Rd4 33. Re2 Kb6
34. Re5 f4 35. Rf5 Be8 36. Rf6+ Ka7 37. Rf8 Bc6 38. Rf7 Kb7 39. Rxh7 Rd6 40. Rf7
Re6+ 41. Kf2 Rd6 42. Ke2 Re6+ 43. Kd1 Rg6 44. Rxf4 Rxg2 45. Kc1 Rxh2 46. Rxc4
Bxf3 47. Nxa4 Rh1+ 48. Kd2 Rh2+ 49. Kc3 Bd5 50. Rxc5 Bc6 51. Rc4 Rh3+ 52. Kb4
Bxa4 53. Kxa4 Kb6 54. Rb4+ Ka6 55. Rc4 Kb6 56. Rc3 Rh4+ 57. b4 c6 58. Kb3 Rh1
59. a4 Rh2 60. a5+ Kb7 61. Re3 Ka6 62. Re8 Rh3+ 63. Kc4 Rh1 64. Rc8 Rc1+ 65. Kb3
Kb7 66. Re8 Ka6 67. Re7 Rb1+ 68. Kc4 Rc1+ 69. Kb3 Rb1+ 70. Kc3 Rc1+ 71. Kb2 Rh1
72. Rc7 Rh6 73. Kb3 Rh3+ 74. Ka4 Rh6 75. Re7 Rh1 76. Rc7 Rb1 77. Rxc6+ Kb7 78.
Rb6+ Ka7 79. Rh6 Rg1 80. Rh7+ Kb8 81. Re7 Rg5 82. a6 Ka8 83. b5 Rg4+ 84. Ka5 Rg5
85. Rf7 Kb8 86. Rd7 Rh5 87. Kb6 Rh6+ 88. Kc5 Rh5+ 89. Kc6 Rh6+ 90. Rd6 Rh8 91.
b6 Rc8+ 92. Kd5 Rh8 93. Rf6 Ka8 94. Ke5 Kb8 95. Kf5 Ka8 96. Kg6 Rh1 97. Rf8# 1-0

[Event "chess.com Junior Speed"]
[Site "chess.com INT"]
[Date "2019.07.09"]
[Round "2.18"]
[White "Sevian, Samuel"]
[Black "Firouzja, Alireza"]
[Result "1/2-1/2"]
[WhiteTitle "GM"]
[BlackTitle "GM"]
[WhiteElo "2666"]
[BlackElo "2682"]
[WhiteFideId "2040506"]
[BlackFideId "12573981"]
[EventDate "2019.05.16"]

1. e4 c5 2. Nf3 d6 3. c3 Nf6 4. h3 g6 5. Bd3 Bg7 6. O-O O-O 7. Bc2 Nc6 8. d4 b5
9. Re1 Bb7 10. Nbd2 b4 11. d5 Na5 12. cxb4 cxb4 13. a3 bxa3 14. Rxa3 Qb6 15. b3
Nd7 16. Nf1 Rfc8 17. Be3 Qd8 18. Bd3 e6 19. dxe6 fxe6 20. Ng3 Nc6 21. Bc4 Qe7
22. Bg5 Nf6 23. Ra2 Ne5 24. Nxe5 dxe5 25. Rd2 Rc7 26. Qe2 h6 27. Bxf6 Bxf6 28.
Red1 Kg7 29. Rd6 Bc8 30. Nf1 Rb8 31. Ne3 h5 32. Qa2 Bg5 33. Nf1 Rb6 34. R6d3 Bb7
35. Qa5 Bf6 36. Qxa7 Rb4 37. Qe3 Bg5 38. Qe2 Rb6 39. Nh2 Bf6 40. Nf3 Rbc6 41.
Bb5 Rc1 42. Rxc1 Rxc1+ 43. Kh2 Rc7 44. Bc4 Bg5 45. Nxg5 Qxg5 46. Qe3 Qf4+ 47.
Qxf4 exf4 48. Bxe6 Bxe4 49. Rd7+ Rxd7 50. Bxd7 h4 51. b4 Kf6 52. b5 Ke5 53. g3
g5 54. gxh4 gxh4 55. Kg1 Kd6 56. Be8 Kc5 57. Kf1 Bd3+ 58. Kg2 Be4+ 59. Kf1 Bd3+
60. Kg2 Be4+ 61. Kf1 1/2-1/2

[Event "chess.com Junior Speed"]
[Site "chess.com INT"]
[Date "2019.07.09"]
[Round "2.19"]
[White "Firouzja, Alireza"]
[Black "Sevian, Samuel"]
[Result "1/2-1/2"]
[WhiteTitle "GM"]
[BlackTitle "GM"]
[WhiteElo "2682"]
[BlackElo "2666"]
[WhiteFideId "12573981"]
[BlackFideId "2040506"]
[EventDate "2019.05.16"]

1. e4 c5 2. Nf3 e6 3. d4 cxd4 4. Nxd4 a6 5. c4 Nf6 6. Nc3 Qc7 7. a3 b6 8. Be2
Bb7 9. f3 d6 10. Be3 Nbd7 11. Rc1 Be7 12. O-O O-O 13. b4 Rac8 14. Nb3 Qb8 15.
Qd2 Rfd8 16. Rfd1 Bc6 17. Qe1 h6 18. Qf2 Re8 19. Nd4 Ba8 20. Nb3 Bd8 21. Kh1 Bc7
22. Qg1 Rcd8 23. Bf1 Nh5 24. Rd2 Ne5 25. Rcd1 Ng6 26. Nd4 d5 27. exd5 exd5 28.
Nxd5 Be5 29. Nf5 b5 30. Bc5 Bxd5 31. cxd5 Bf4 32. Re2 Re5 33. g4 Nf6 34. d6 Qb7
35. Qg2 Nd5 36. Rxe5 Bxe5 37. Bd3 Ndf4 38. Be4 Qd7 39. Qf2 Rc8 40. Qf1 Kh8 41.
Ne7 Rd8 42. Bf5 Qb7 43. Be4 Qd7 44. Nc6 Re8 45. Qf2 Bf6 46. Qf1 Rxe4 47. fxe4
Qxc6 48. Qf3 Qd7 49. Be3 Ne6 50. Qf5 Be5 51. Bc5 Kg8 52. Rd5 Bf6 53. e5 Bg5 54.
Qe4 Ngf4 55. Rd1 Nh3 56. Qa8+ Kh7 57. Qe4+ g6 58. Rf1 Nhf4 59. h4 Bxh4 60. Rxf4
Nxf4 61. Qxf4 Qc6+ 62. Kg1 Qd5 63. Qd4 Qf3 64. d7 Qg3+ 65. Kf1 Qe1+ 66. Kg2 Qg3+
67. Kf1 Qe1+ 68. Kg2 Qg3+ 69. Kf1 1/2-1/2

[Event "chess.com Junior Speed"]
[Site "chess.com INT"]
[Date "2019.07.09"]
[Round "2.20"]
[White "Sevian, Samuel"]
[Black "Firouzja, Alireza"]
[Result "0-1"]
[WhiteTitle "GM"]
[BlackTitle "GM"]
[WhiteElo "2666"]
[BlackElo "2682"]
[WhiteFideId "2040506"]
[BlackFideId "12573981"]
[EventDate "2019.05.16"]

1. e4 c5 2. Nf3 d6 3. d4 cxd4 4. Nxd4 Nf6 5. Nc3 Nc6 6. Bc4 e6 7. Be3 Be7 8. Qe2
O-O 9. O-O-O Qc7 10. Bb3 Na5 11. Rhg1 Nxb3+ 12. axb3 e5 13. Nf5 Bxf5 14. exf5
Qa5 15. g4 Qa1+ 16. Kd2 Qxb2 17. g5 Rac8 18. gxf6 Qxc3+ 19. Kc1 Bxf6 20. Rg3
Qa1+ 21. Kd2 Rxc2+ 22. Kxc2 Qa2+ 23. Kd3 e4+ 0-1

[Event "chess.com Junior Speed"]
[Site "chess.com INT"]
[Date "2019.07.09"]
[Round "2.21"]
[White "Firouzja, Alireza"]
[Black "Sevian, Samuel"]
[Result "1-0"]
[WhiteTitle "GM"]
[BlackTitle "GM"]
[WhiteElo "2682"]
[BlackElo "2666"]
[WhiteFideId "12573981"]
[BlackFideId "2040506"]
[EventDate "2019.05.16"]

1. e4 c5 2. Nf3 e6 3. d4 cxd4 4. Nxd4 a6 5. c4 Nf6 6. Nc3 Qc7 7. a3 b6 8. Be2
Bb7 9. f3 d6 10. Be3 Be7 11. Rc1 Nbd7 12. O-O O-O 13. b4 Rac8 14. Nb3 Qb8 15.
Qd2 Bd8 16. Rfd1 Bc7 17. Bf4 Ne8 18. Kh1 h6 19. Bg3 Ne5 20. Bxe5 dxe5 21. c5 b5
22. a4 Bc6 23. axb5 axb5 24. Bd3 f5 25. Qe2 Nf6 26. Bxb5 Ba8 27. Bc4 Rce8 28. b5
fxe4 29. fxe4 Bd8 30. c6 Nh7 31. Nc5 Qa7 32. Nxe6 Rf2 1-0

[Event "chess.com Junior Speed"]
[Site "chess.com INT"]
[Date "2019.07.09"]
[Round "2.22"]
[White "Sevian, Samuel"]
[Black "Firouzja, Alireza"]
[Result "0-1"]
[WhiteTitle "GM"]
[BlackTitle "GM"]
[WhiteElo "2666"]
[BlackElo "2682"]
[WhiteFideId "2040506"]
[BlackFideId "12573981"]
[EventDate "2019.05.16"]

1. d3 d5 2. Nf3 Nf6 3. g3 Nc6 4. Bg2 e5 5. O-O Be7 6. Nbd2 O-O 7. e4 Re8 8. exd5
Nxd5 9. Re1 Bf8 10. Nc4 f6 11. c3 Be6 12. Nh4 Qd7 13. Qc2 Rad8 14. a4 Nb6 15.
Nxb6 axb6 16. Bf1 Na5 17. Be3 Nb3 18. Rad1 Qxa4 19. d4 exd4 20. cxd4 Nc5 21. Qb1
Ba2 22. Qc1 Bb3 23. Rd2 Ne4 24. Rd3 Bd5 25. Qxc7 Qb4 26. Rc1 Qxb2 27. Ng2 Bd6
28. Qc2 Qxc2 29. Rxc2 Rc8 30. Rxc8 Rxc8 31. Bf4 g5 32. Bxd6 Nxd6 33. Ne3 Bf7 34.
d5 b5 35. Ra3 f5 36. f4 gxf4 37. gxf4 b4 38. Ra4 Rc3 39. Nd1 Rc1 40. Nb2 b3 41.
Nd3 Rc2 42. Rd4 Rc4 43. Rxc4 Nxc4 44. Kf2 b2 45. Nxb2 Nxb2 46. d6 Kf8 47. Ke3
Nc4+ 48. Kd4 Nxd6 0-1

[Event "chess.com Junior Speed"]
[Site "chess.com INT"]
[Date "2019.07.09"]
[Round "2.23"]
[White "Firouzja, Alireza"]
[Black "Sevian, Samuel"]
[Result "1-0"]
[WhiteTitle "GM"]
[BlackTitle "GM"]
[WhiteElo "2682"]
[BlackElo "2666"]
[WhiteFideId "12573981"]
[BlackFideId "2040506"]
[EventDate "2019.05.16"]

1. d4 Nf6 2. Nf3 g6 3. Nc3 Bg7 4. e4 O-O 5. Be2 d6 6. O-O a6 7. Re1 b5 8. e5
Nfd7 9. e6 fxe6 10. Ng5 Nb6 11. Bf3 Ra7 12. Nxe6 Bxe6 13. Rxe6 N8d7 14. Bg5 Bf6
15. Bxf6 Rxf6 16. Qe2 Rf7 17. Re1 Kf8 18. Ne4 h6 19. Rxg6 Nd5 20. Rxh6 Kg7 21.
Ng5 Nf4 22. Qd2 Rf5 23. Rh7+ Kg6 24. Rexe7 Kxg5 25. Reg7+ Kf6 26. Rf7+ Kg6 27.
Rxf5 Kxf5 28. g4+ Kg6 29. Be4+ 1-0

[Event "chess.com Junior Speed"]
[Site "chess.com INT"]
[Date "2019.07.09"]
[Round "2.24"]
[White "Sevian, Samuel"]
[Black "Firouzja, Alireza"]
[Result "0-1"]
[WhiteTitle "GM"]
[BlackTitle "GM"]
[WhiteElo "2666"]
[BlackElo "2682"]
[WhiteFideId "2040506"]
[BlackFideId "12573981"]
[EventDate "2019.05.16"]

1. e4 c5 2. Nf3 d6 3. d4 cxd4 4. Nxd4 Nf6 5. Nc3 a6 6. Rg1 g6 7. g4 Bg7 8. g5
Nfd7 9. Be3 Nc6 10. Qd2 Nde5 11. Be2 b5 12. a3 Bb7 13. h4 Na5 14. b3 Rc8 15. Nd5
O-O 16. f4 Nec6 17. Nxc6 Rxc6 18. Rd1 e6 19. Nf6+ Bxf6 20. gxf6 Rc8 21. h5 Bxe4
22. hxg6 Bxg6 23. f5 exf5 24. Bd4 Kh8 25. Rxg6 Rg8 26. Rg7 Rxg7 27. fxg7+ Kg8
28. Qf4 Rxc2 29. Rc1 Rxc1+ 30. Qxc1 Qh4+ 31. Bf2 Qh1+ 32. Bf1 Qe4+ 33. Qe3 Qb1+
34. Ke2 Nxb3 35. Bh3 Qc2+ 36. Kf3 Nd2+ 37. Kg2 Qc6+ 38. Kh2 Qd5 39. Bg2 Ne4 40.
Kg1 Kxg7 41. Be1 f6 42. Bf3 Qe5 43. Qe2 Ng5 44. Kf1 Kf7 45. Qa2+ Kg7 46. Be2
Qf4+ 47. Bf2 Ne4 48. Bd3 Qf3 49. Bxe4 fxe4 50. Qd5 Qh1+ 51. Ke2 Qf3+ 52. Ke1 h5
53. Qxd6 Qh1+ 54. Ke2 Qf3+ 55. Ke1 Kg6 56. Bd4 e3 57. Qh2 Qe4 58. Qg1+ Kf7 59.
Qxe3 Qxe3+ 60. Bxe3 Ke6 61. Kd2 Kd5 62. Kc3 Ke4 63. Bg1 h4 64. Kb4 f5 65. Ka5 f4
66. Kxa6 h3 67. Kxb5 f3 68. a4 f2 69. Bxf2 h2 70. a5 h1=Q 71. a6 Qf1+ 72. Kc6
Qxf2 73. Kb7 Qb2+ 74. Ka8 Qc3 75. a7 Qc8# 0-1

[Event "chess.com Junior Speed"]
[Site "chess.com INT"]
[Date "2019.07.09"]
[Round "2.25"]
[White "Firouzja, Alireza"]
[Black "Sevian, Samuel"]
[Result "1/2-1/2"]
[WhiteTitle "GM"]
[BlackTitle "GM"]
[WhiteElo "2682"]
[BlackElo "2666"]
[WhiteFideId "12573981"]
[BlackFideId "2040506"]
[EventDate "2019.05.16"]

1. e4 e6 2. d4 d5 3. Nc3 Nf6 4. e5 Nfd7 5. f4 c5 6. Nf3 Nc6 7. Ne2 cxd4 8. Nexd4
Nc5 9. Be2 Be7 10. O-O O-O 11. c3 f6 12. exf6 Bxf6 13. Be3 Ne4 14. Bd3 Nd6 15.
Qc2 h6 16. Rae1 Bd7 17. Nxc6 bxc6 18. Ne5 Be8 19. Bc5 Be7 20. Bh7+ Kh8 21. Bg6
Rf6 22. Bxe8 Qxe8 23. Qa4 Ne4 24. Bxe7 Qxe7 25. Qxc6 Raf8 26. g3 g5 27. c4 gxf4
28. Rxf4 Ng5 29. Kg2 Qh7 30. Rxf6 Qc2+ 31. Kh1 Rxf6 32. Qe8+ Kg7 33. Qe7+ Nf7
34. Nxf7 Rxf7 35. Qxe6 Qxc4 36. Qe2 Qxa2 37. Rd1 Qc4 38. Qxc4 dxc4 39. Rc1 Rc7
40. Kg2 Kf6 41. Kf3 Ke5 42. Ke3 Kd5 43. Kd2 Rf7 44. Ra1 Kd4 45. Rxa7 Rf2+ 46.
Kc1 Rxh2 47. Rd7+ Ke4 48. Rc7 Kd4 49. Rd7+ Ke4 50. Rc7 Kd3 51. Rd7+ 1/2-1/2

[Event "chess.com Junior Speed"]
[Site "chess.com INT"]
[Date "2019.07.09"]
[Round "2.26"]
[White "Sevian, Samuel"]
[Black "Firouzja, Alireza"]
[Result "1-0"]
[WhiteTitle "GM"]
[BlackTitle "GM"]
[WhiteElo "2666"]
[BlackElo "2682"]
[WhiteFideId "2040506"]
[BlackFideId "12573981"]
[EventDate "2019.05.16"]

1. e4 c5 2. Nf3 d6 3. d4 cxd4 4. Nxd4 Nf6 5. Nc3 a6 6. f4 e5 7. Nf3 Qc7 8. Bd3
Be7 9. O-O O-O 10. fxe5 dxe5 11. Bg5 Nbd7 12. Qe1 h6 13. Bh4 b5 14. Rd1 Bb7 15.
Qg3 b4 16. Nd5 Nxd5 17. exd5 Bxh4 18. Nxh4 Bxd5 19. Nf5 Qb6+ 20. Kh1 Qf6 21. Ne3
Qg5 22. Qxg5 hxg5 23. Nxd5 Nc5 24. Ne7+ Kh8 25. Rf5 g6 26. Rxe5 Nd7 27. Re3 Nf6
28. Rf1 Nh5 29. Bxg6 Nf4 30. Bd3 Rae8 31. Nf5 Rxe3 32. Nxe3 Re8 33. Nc4 Kg7 34.
g3 Nd5 35. Nd6 Rf8 36. Rf5 Ne3 37. Rxg5+ Kf6 38. Ne4+ Ke7 39. Re5+ Kd8 40. Nc5
Ng4 41. Re2 Nf6 42. Nxa6 Rh8 43. Nxb4 Rh5 44. Kg2 Rc5 45. a4 Nd7 46. Bb5 Nf6 47.
c4 Rf5 48. a5 Kc7 49. a6 Kb6 50. Nc6 Kc5 51. a7 Nd7 52. a8=Q Nb6 53. b4+ Kd6 54.
Qb8+ Kd7 55. Qd8# 1-0

[Event "chess.com Junior Speed"]
[Site "chess.com INT"]
[Date "2019.07.09"]
[Round "2.27"]
[White "Firouzja, Alireza"]
[Black "Sevian, Samuel"]
[Result "1-0"]
[WhiteTitle "GM"]
[BlackTitle "GM"]
[WhiteElo "2682"]
[BlackElo "2666"]
[WhiteFideId "12573981"]
[BlackFideId "2040506"]
[EventDate "2019.05.16"]

1. e4 c5 2. Nf3 Nc6 3. d4 cxd4 4. Nxd4 Nf6 5. Nc3 e6 6. Ndb5 d6 7. Bf4 e5 8. Bg5
a6 9. Na3 Be7 10. Nc4 b5 11. Bxf6 gxf6 12. Ne3 Be6 13. Ncd5 O-O 14. c3 Re8 15.
Qh5 Bf8 16. g3 Bg7 17. Bh3 Ne7 18. Bf5 Ng6 19. h4 Rc8 20. Qf3 Ne7 21. h5 h6 22.
Bxe6 fxe6 23. Nxf6+ Kh8 24. Nxe8 Qxe8 25. Qg4 Ng8 26. Qg6 Qe7 27. O-O-O Rf8 28.
Ng4 Qd7 29. Ne3 Qe7 30. Rhf1 Nf6 31. Kb1 Nh7 32. f4 Rg8 33. Qg4 exf4 34. Qxf4
Be5 35. Qf7 Qxf7 36. Rxf7 Ng5 37. Re7 Nxe4 38. Rxe6 Rxg3 39. Rxh6+ Kg8 40. Rg6+
Rxg6 41. hxg6 Kg7 42. Rg1 Nd2+ 43. Kc2 Nf3 44. Nf5+ Kg8 45. Rh1 Ng5 46. Kb3 a5
47. a4 bxa4+ 48. Kxa4 Ne6 49. Rh7 1-0

[Event "chess.com Junior Speed"]
[Site "chess.com INT"]
[Date "2019.07.16"]
[Round "2.1"]
[White "Xiong, Jeffery"]
[Black "Gledura, Benjamin"]
[Result "1-0"]
[WhiteTitle "GM"]
[BlackTitle "GM"]
[WhiteElo "2679"]
[BlackElo "2645"]
[WhiteFideId "2047640"]
[BlackFideId "712779"]
[EventDate "2019.05.16"]

1. d4 Nf6 2. c4 g6 3. Nc3 d5 4. cxd5 Nxd5 5. Na4 Nb6 6. e4 Bg7 7. Be3 O-O 8. Nf3
Nxa4 9. Qxa4 c5 10. Rd1 Bg4 11. dxc5 Qc7 12. Be2 Bxb2 13. O-O Nc6 14. Rb1 Bg7
15. Rfc1 Rfd8 16. Qb3 Bxf3 17. Bxf3 Rab8 18. Qa3 Be5 19. g3 Nd4 20. Bd1 Nc6 21.
Be2 Bd4 22. Bf4 Be5 23. Bg5 Rd7 24. Bb5 Rbd8 25. Be3 a6 26. Bf1 h5 27. Qb3 h4
28. Bh3 e6 29. Bg5 Re8 30. Bxh4 Nd4 31. Qe3 Qa5 32. a3 Kg7 33. Bf1 f6 34. f4 Nf5
35. Qf3 Bd4+ 36. Kh1 Nxh4 37. gxh4 Rh8 38. Qg3 f5 39. Bc4 Bf6 40. Rg1 Rh6 41.
Bxe6 Bxh4 42. Qf3 Rd2 43. Rxb7+ Kh8 44. Rb8+ Kg7 45. Rb7+ Kh8 46. Rb8+ Kg7 47.
exf5 Bg5 48. Qb7+ 1-0

[Event "chess.com Junior Speed"]
[Site "chess.com INT"]
[Date "2019.07.16"]
[Round "2.2"]
[White "Gledura, Benjamin"]
[Black "Xiong, Jeffery"]
[Result "1-0"]
[WhiteTitle "GM"]
[BlackTitle "GM"]
[WhiteElo "2645"]
[BlackElo "2679"]
[WhiteFideId "712779"]
[BlackFideId "2047640"]
[EventDate "2019.05.16"]

1. d4 Nf6 2. Nf3 d5 3. c4 e6 4. g3 Bb4+ 5. Bd2 Be7 6. Bg2 c6 7. Qc2 Nbd7 8. O-O
b6 9. Bf4 Bb7 10. Nc3 Rc8 11. Ne5 Nxe5 12. dxe5 Nd7 13. Rfd1 Qc7 14. Rac1 Qb8
15. cxd5 cxd5 16. e4 d4 17. Rxd4 Nxe5 18. Qa4+ Bc6 19. Nb5 O-O 20. Rdc4 Bxb5 21.
Qxb5 Rxc4 22. Rxc4 Bd6 23. Rc2 h6 24. h3 g5 25. Be3 Rc8 26. Rxc8+ Qxc8 27. Bd4
Qc6 28. Qa6 h5 29. Qxa7 h4 30. Qxb6 Qc1+ 31. Kh2 hxg3+ 32. fxg3 Qc2 33. Qd8+ Kh7
34. Qf6 Qc7 35. Qxg5 Ng6 36. e5 Nxe5 37. Be4+ f5 38. Bg2 Qf7 39. b4 Ng6 40. b5
e5 41. Bf2 e4 42. b6 Ne5 43. b7 Qxb7 44. Qxf5+ Ng6 45. Bxe4 1-0

[Event "chess.com Junior Speed"]
[Site "chess.com INT"]
[Date "2019.07.16"]
[Round "2.3"]
[White "Xiong, Jeffery"]
[Black "Gledura, Benjamin"]
[Result "0-1"]
[WhiteTitle "GM"]
[BlackTitle "GM"]
[WhiteElo "2679"]
[BlackElo "2645"]
[WhiteFideId "2047640"]
[BlackFideId "712779"]
[EventDate "2019.05.16"]

1. d4 Nf6 2. c4 g6 3. Nc3 d5 4. Bg5 Bg7 5. Bxf6 Bxf6 6. cxd5 c6 7. e4 cxd5 8.
Bb5+ Bd7 9. Bxd7+ Qxd7 10. e5 Bg7 11. Nge2 Nc6 12. O-O e6 13. Rc1 O-O 14. Qb3
Rfc8 15. Nb5 Bf8 16. Rc3 Na5 17. Qa4 Nc4 18. b3 a6 19. bxc4 dxc4 20. Rb1 axb5
21. Qxb5 Qxb5 22. Rxb5 Rxa2 23. Kf1 Ra1+ 24. Rc1 Rxc1+ 25. Nxc1 Ba3 26. Na2 Rd8
27. Rxb7 Rxd4 28. Rc7 Bb2 29. Ke2 g5 30. Nb4 g4 31. Ke3 h5 32. Nc2 Rd3+ 33. Ke2
Bxe5 34. Rxc4 Rd5 35. h3 f5 36. hxg4 hxg4 37. f3 gxf3+ 38. gxf3 Kf7 39. Rc6 Kf6
40. Ne1 Ra5 41. Nd3 Ra2+ 42. Kf1 Bd4 43. Nf4 Rf2+ 44. Ke1 Rxf3 45. Nd5+ Kf7 46.
Rc7+ Kg6 47. Rc6 Kf7 48. Rc7+ Kg8 49. Ke2 Rg3 50. Nf4 Be5 51. Rc8+ Kf7 52. Nd3
Bd4 53. Rc6 e5 54. Nb4 f4 55. Nd5 f3+ 56. Kd2 e4 0-1